Songs That Share A Word In The Title #2 - Statistics

General Stats
  • This quiz has been taken 50 times
  • The average score is 10 of 15
Answer Stats
Hint Answer % Correct
We Will ____ You, ____ Around The Clock Rock
98%
Who Let The ___s Out, Black ___ Dog
96%
___ Touch This, ___ Buy Me Love Can’t
94%
Material ___, ___s ___s ___s Girl
89%
Ring Of ____, ____starter Fire
87%
____ Rain, ____ Haze Purple
87%
___ To The Bone, ___ Romance Bad
85%
____ Monday, ____ Suede Shoes Blue
79%
____ Of Eden, Octopus’s ____ Garden
77%
Johnny B ____e, Hella ____ Good
74%
Welcome To The Black _____, Bulls On _____ Parade
55%
____ On A Leash, Super ____ Freak
43%
____ Shelter, ____ Chocolate!! Gimme/Give Me
40%
Dr. Seuss Is ____, Bella Lugosi’s ____ Dead
26%
_____ With A Penis, Government _____ Hooker
19%
No matching quizzes found
Score Distribution
Percent of People with Each Score
Percentile by Number Answered
Your Score History
You have not taken this quiz